Harry potter y la orden del fénix /

Guardado en:
Autor Principal: Rowling, J. K.
Formato: Libro
Publicado: Barcelona : Salamandra, 2017
Edición:6a. ed.
Materias:
Etiquetas: Agregar Etiqueta
Sin Etiquetas, Sea el primero en etiquetar este registro!
LEADER 00612nam a22002175a 4500
001 CEM.cems011417
008 130507s2017##################000#0#####d
005 20241204102340.0
245 1 0 |a Harry potter y la orden del fénix /  |c  J. K. Rowling 
250 |a 6a. ed. 
260 |a Barcelona :  |b Salamandra,  |c 2017 
300 |a 925 p. 
020 |a 9788498386646 
100 1 |a Rowling, J. K. 
082 0 4 |a 823.9 
653 |a Literatura 
653 |a Novela juvenil 
653 |a Novela 
653 |a Literatura juvenil 
653 |a Literatura inglesa 
859 |a CEMS  |b BIB. CEMS - 11 de abril  |h 823.9  |i R795-4a6  |p 22350.04  |t Ej.2